000 00735nam a22001577a 4500
003 OSt
005 20151001094042.0
008 151001b xxu||||| |||| 00| 0 eng d
040 _cRUA
082 _aAGR TU 2007 B062 Or.1
100 _91647
_aTU, NORA.
245 _aCompaison de defferentes varietes de riz pendant la saison des pluies par le systeme de la riziculture intensive cambodge), ការប្រៀបធៀបពីប្រភេទពូជស្រូវផ្សេងៗគ្នាក្នុងលក្ខខ័ណ្ឌរដូវវស្សាតាមប្រព័ន្ធប្រពលវប្បកមម្ម.
260 _aphnom phen
_bRUA
_c2007
300 _a47p.
_bill.
_c29cm.
942 _2ddc
_cAGR
999 _c1555
_d1555